Green ICT & Energy /

This book provides the connection between the growing body of literature on sustainability and the topics of energy and ICT. It aims to show how stakeholders active in this area need to play their part ensuring that the ICT-sector evolves towards a sector that can lead through "greening by IT&q...

Full description

Bibliographic Details
Main Authors: Appelman, Jaco (Author), Osseyran, Anwar (Author), Warnier, Martijn (Author)
Corporate Author: Safari, an O'Reilly Media Company
Format: eBook
Language:English
Published: CRC Press, 2013.
Edition:1st edition.
Subjects:
Online Access:Connect to this electronic resource

MARC

Tag First Indicator Second Indicator Subfields
LEADER 00000cam a2200000 a 4500
001 in00004136449
005 20260128183106.8
006 m o d
007 cr cn
008 270215s2013 xx o eng
020 |z 9780203120231 
020 |z 9780415620963 
020 |z 0415620961 
035 |a (CaSebORM)9780415620963 
040 |d UtOrBLW 
041 0 |a eng 
100 1 |a Appelman, Jaco,  |e author. 
245 1 0 |a Green ICT & Energy /  |c Appelman, Jaco. 
250 |a 1st edition. 
264 1 |b CRC Press,  |c 2013. 
300 |a 1 online resource (172 pages) 
336 |a text  |b txt  |2 rdacontent 
337 |a computer  |b c  |2 rdamedia 
338 |a online resource  |b cr  |2 rdacarrier 
347 |a text file 
520 |a This book provides the connection between the growing body of literature on sustainability and the topics of energy and ICT. It aims to show how stakeholders active in this area need to play their part ensuring that the ICT-sector evolves towards a sector that can lead through "greening by IT" and also shows that it can "green its own IT" as well. This is the first book that integrates two seemingly incompatible approaches to sustainability: efficiency and effectiveness. The book builds on the efficiency initiatives already taken by industry, but it is not a "how-to-do-it manual". It offers insight in state of the art approaches to green IT and greening by IT. Attention to important stakeholders outside the sector, e.g. policy makers and the field of education, makes this book comprehensive. A more encompassing view on ICT and sustainability is offered to the reader and, as such, managers in higher education, educators, CIO's, policymakers and regulators are inspired to integrate their efforts and to contribute to a transition of one of the most important and prominent sectors in our global economy. 
533 |a Electronic reproduction.  |b Boston, MA :  |c Safari,  |n Available via World Wide Web.  |d 2013. 
538 |a Mode of access: World Wide Web. 
542 |f Copyright © CRC Press 2013  |g 2013 
588 |a Online resource; Title from title page (viewed December 16, 2013) 
500 |a Electronic resource. 
650 0 |a Computer-assisted instruction.  |0 http://id.loc.gov/authorities/subjects/sh85029483 
650 0 |a Instructional systems.  |0 http://id.loc.gov/authorities/subjects/sh85066761 
650 0 |a Educational technology.  |0 http://id.loc.gov/authorities/subjects/sh85041150 
655 7 |a Electronic books.  |2 local 
700 1 |a Osseyran, Anwar,  |e author. 
700 1 |a Warnier, Martijn,  |e author.  |0 http://id.loc.gov/authorities/names/n2013051839 
710 2 |a Safari, an O'Reilly Media Company. 
856 4 0 |u https://proxy.library.tamu.edu/login?url=https://go.oreilly.com/TAMU/library/view/-/9780415620963/?ar  |z Connect to this electronic resource  |t 0 
999 f f |s 8f831f56-5dd0-3992-865d-50e10c64fe2b  |i a73194fa-a3ea-3481-9bf5-a392a748c2a3  |t 0 
952 f f |a Texas A&M University  |b College Station  |c Electronic Resources  |s www_evans  |d Available Online  |t 0  |h No information provided 
998 f f |t 0  |l Available Online